| 000 | 00466nam a22001937a 4500 | ||
|---|---|---|---|
| 003 | CO-ViMGA | ||
| 005 | 20230915225010.0 | ||
| 008 | 150609b xxu||||| |||| 00| 0 eng d | ||
| 020 | _a9789589159880 | ||
| 040 |
_aCO-ViMGA _bspa _cCO-ViMGA |
||
| 090 | _bA SWO1 | ||
| 100 | 1 | _4SWOBODA ANNETTE | |
| 245 | 1 | 0 | _aDUDÚ SE VISTE |
| 260 |
_aBOGOTA _bJUVENTUD _c2013 |
||
| 300 | _a{10] PAGINAS | ||
| 650 | 1 | 4 | _2LIBRO ALBUM |
| 700 | 1 | _4MAIN AM FRANKFURT | |
| 942 |
_2ddc _cBK |
||
| 999 |
_c2341 _d2341 |
||